Thinking through communication : (Record no. 10902)
[ view plain ]
| 000 -LEADER | |
|---|---|
| fixed length control field | 01469cam a22003134a 4500 |
| 001 - CONTROL NUMBER | |
| control field | 14743006 |
| 005 - DATE AND TIME OF LATEST TRANSACTION | |
| control field | 20071025143538.0 |
| 008 - FIXED-LENGTH DATA ELEMENTS--GENERAL INFORMATION | |
| fixed length control field | 070222s2008 maua b 001 0 eng |
| 010 ## - LIBRARY OF CONGRESS CONTROL NUMBER | |
| LC control number | 2007006859 |
| 020 ## - INTERNATIONAL STANDARD BOOK NUMBER | |
| International Standard Book Number | 9780205530472 |
| 020 ## - INTERNATIONAL STANDARD BOOK NUMBER | |
| International Standard Book Number | 0205530478 |
| 035 ## - SYSTEM CONTROL NUMBER | |
| System control number | (OCoLC)ocm85018697 |
| 035 ## - SYSTEM CONTROL NUMBER | |
| System control number | (OCoLC)85018697 |
| 040 ## - CATALOGING SOURCE | |
| Original cataloging agency | DLC |
| Transcribing agency | DLC |
| Modifying agency | YDX |
| -- | BAKER |
| -- | BTCTA |
| -- | YDXCP |
| -- | DLC |
| 050 00 - LIBRARY OF CONGRESS CALL NUMBER | |
| Classification number | P90 |
| Item number | .T72 2008 |
| 082 00 - DEWEY DECIMAL CLASSIFICATION NUMBER | |
| Classification number | 302.2 |
| Edition number | 22 |
| Item number | TRE NR |
| 100 1# - MAIN ENTRY--PERSONAL NAME | |
| Personal name | Trenholm, Sarah, |
| Dates associated with a name | 1944- |
| 245 10 - TITLE STATEMENT | |
| Title | Thinking through communication : |
| Remainder of title | An introduction to the study of human communication / |
| Statement of responsibility, etc | Sarah Trenholm. |
| 250 ## - EDITION STATEMENT | |
| Edition statement | 5th ed. |
| 260 ## - PUBLICATION, DISTRIBUTION, ETC. (IMPRINT) | |
| Place of publication, distribution, etc | Boston : |
| Name of publisher, distributor, etc | Pearson/Allyn and Bacon, |
| Date of publication, distribution, etc | c2008. |
| 300 ## - PHYSICAL DESCRIPTION | |
| Extent | xx, 428 p. : |
| Other physical details | ill. (some col.) ; |
| Dimensions | 24 cm. |
| 504 ## - BIBLIOGRAPHY, ETC. NOTE | |
| Bibliography, etc | Includes bibliographical references and indexes. |
| 650 #0 - SUBJECT ADDED ENTRY--TOPICAL TERM | |
| Topical term or geographic name as entry element | Communication. |
| 856 41 - ELECTRONIC LOCATION AND ACCESS | |
| Materials specified | Table of contents only |
| Uniform Resource Identifier | <a href="http://www.loc.gov/catdir/toc/ecip0711/2007006859.html">http://www.loc.gov/catdir/toc/ecip0711/2007006859.html</a> |
| 942 ## - ADDED ENTRY ELEMENTS (KOHA) | |
| Source of classification or shelving scheme | Dewey Decimal Classification |
| Item type | Book - Borrowing |
| Withdrawn status | Item status | Source of classification or shelving scheme | Damaged status | Not for loan | Vendor | Home library | Current library | Shelving location | Date acquired | Source of acquisition | Cost, normal purchase price | Serial Enumeration / chronology | Total Checkouts | Total Renewals | Full call number | Barcode | Date last seen | Date last borrowed | Koha item type |
|---|---|---|---|---|---|---|---|---|---|---|---|---|---|---|---|---|---|---|---|
| Dewey Decimal Classification | Baccah | Central Library | Central Library | First floor | 19/02/2009 | 224.00 | 6996 | 6 | 37 | 302.2 TRE NR | 000014850 | 15/07/2025 | 12/10/2019 | Book - Borrowing | |||||
| Dewey Decimal Classification | Baccah | Central Library | Central Library | First floor | 19/02/2009 | 224.00 | 6996 | 2 | 18 | 302.2 TRE NR | 000014851 | 15/07/2025 | 06/03/2019 | Book - Borrowing |